Naturaleza jurídica de los derechos económicos, sociales y culturales.

Kaydedildi:
Detaylı Bibliyografya
Yazar: Mayorga Lorca, Roberto (autor)
Materyal Türü: Kitap
Dil:İspanyolca
Baskı/Yayın Bilgisi: Santiago, Chile: Jurídica de Chile, 1990.
Edisyon:Segunda edición.
Konular:
Etiketler: Etiketle
Etiket eklenmemiş, İlk siz ekleyin!

MARC

LEADER 00000nam a2200000 a 4500
001 UCV1420
003 CL-VaPUC
005 20220822114320.0
008 900612e19900000CL |||||||||||||||||spa|d
999 |c 209378  |d 209376 
020 |a 956-10-0801-6 
040 |c Pontificia Universidad Católica de Valparaíso 
082 0 4 |a 341.759 MAY 1990   |2 21 
100 |a Mayorga Lorca, Roberto  |e autor  |9 493944 
245 1 0 |a Naturaleza jurídica de los derechos económicos, sociales y culturales. 
250 |a Segunda edición.  
260 |a Santiago, Chile:   |b Jurídica de Chile,  |c 1990.  
300 |a 233 páginas.  
500 |a c.2 Donación Familia Prof. Alejandro Guzmán Brito. 
583 |a last modification  |c 19900612 00:00:00  |k Rodrigo Vera 
650 0 |a Tratados internacionales   |9 256056 
650 0 |a Derechos civiles  |9 255655 
650 0 |a Derecho internacional  |9 255637 
942 |c BK  |2 ddc  |n 0 
945 |d 19900612 00:00:00 
952 |0 0  |1 0  |4 0  |6 341_759000000000000_MAY_1990  |7 0  |8 A  |9 184748  |a BIBDER  |b BIBDER  |d 2019-11-14  |i 2520656  |o 341.759 MAY 1990  |p 2520656  |r 2023-01-25  |w 2019-11-14  |y BK  |k DER 
952 |0 0  |1 0  |2 ddc  |4 0  |6 341_759000000000000_MAY_1990  |7 1  |8 C_AGB  |9 580864  |a BIBDER  |b BIBDER  |d 2022-01-26  |e Donación   |i 5642086  |o 341.759 MAY 1990  |p 5642086  |r 2023-01-25  |t 2  |w 2022-01-26  |y BK_US  |k AGB